000 00527nam a2200181Ia 4500
005 20250423095115.0
008 250422s9999 xx 000 0 und d
020 _a9780821335475
050 _aHD 75.7 .Y68/
100 _aYoung, Mary E.
245 0 _aEarly child development : investing in the future.
260 _aWashington, D.C.
260 _bWorld Bank
260 _c1996
300 _a102 p
650 _aEconomic development--Effect of education on. Child development. Early childhood education.
942 _cBK
999 _c29259
_d29259